| 000 | 005570000a22001810004500 | ||
|---|---|---|---|
| 003 | MACL | ||
| 005 | 20160407134928.0 | ||
| 008 | 160407b xxu||||| |||| 00| 0 eng d | ||
| 040 |
_aMACL _cMACL |
||
| 041 | _aHindi | ||
| 082 | _a370 | ||
| 100 |
_aडॉ श्रीमती अनुराधा जोशी _950988 |
||
| 245 | _aशिक्षण दक्षता एवम सूक्ष्म शिक्षण | ||
| 260 |
_bH.P.Bhargava Books House _c2003 _aAgra |
||
| 350 | _a100 | ||
| 650 |
_aEducation _950989 |
||
| 942 |
_cHIN _k370 _2ddc |
||
| 999 |
_c10414 _d10414 |
||